|
|
|
|
| LEADER |
00000nab a2200000 a 4500 |
| 001 |
vtls000372147 |
| 003 |
SK-MaSNL |
| 005 |
20260304171839.0 |
| 008 |
220422c1987 xo 0 slo |
| 015 |
|
|
|a SNBRA19rr/mm-uuuuu
|
| 035 |
|
|
|a CL0372269
|
| 040 |
|
|
|a SNKBUCL
|b slo
|c SNKBUCL
|e AACR2
|
| 041 |
0 |
|
|a slo
|
| 044 |
|
|
|a xo
|c SK
|
| 080 |
|
|
|a 619:616-089.5
|2 1981
|
| 080 |
|
|
|a 616-089.5
|2 1981
|
| 080 |
|
|
|a 636.1.09
|2 1981
|
| 245 |
0 |
0 |
|a Injekční anestézie koně kombinací xylazinu, guaifenesinu a thiopentalu
|c J. Filla, L. Němeček, Z. Žert, M. Snášil
|
| 300 |
|
|
|b Res. angl.
|
| 650 |
0 |
7 |
|a kone
|2 snkbucl
|9 2809
|
| 650 |
0 |
7 |
|a anestézia
|2 snkbucl
|9 14352
|
| 650 |
0 |
7 |
|a xylazín
|2 snkbucl
|9 1364919
|
| 650 |
0 |
7 |
|a guaifenesín
|2 snkbucl
|9 1500745
|
| 650 |
0 |
7 |
|a thiopental
|2 snkbucl
|9 1500746
|
| 655 |
|
7 |
|a články zo zborníkov
|2 snkbucl
|9 166140
|
| 700 |
1 |
|
|a Filla, J.
|4 aut
|9 1191509
|
| 700 |
1 |
|
|a Němeček, L.
|4 aut
|9 800391
|
| 700 |
1 |
|
|a Žert, Zdeněk
|4 aut
|9 101227
|
| 700 |
1 |
|
|a Snášil, M.
|4 aut
|9 1263753
|
| 773 |
0 |
|
|t Nové poznatky vo veterinárnej chirurgii, ortopédii a röntgenológii
|d Bratislava : Ústav veter. inform. a osvety 1987, 1987
|g S. 47-49
|
| 850 |
|
|
|a Slovenská národná knižnica v Martine
|a MTA001
|
| 852 |
|
|
|a SNK
|b KIS3GCP
|
| 958 |
|
|
|a RK
|
| 958 |
|
|
|a ME
|
| 992 |
|
|
|a RZB
|
| 999 |
|
|
|c 2995243
|d 2997173
|